000 00707nam a2200289Ia 4500
005 20260324142937.0
008 008 260324s9999 xx 000 0 eng d
020 _a9780203020708
037 _aEBOOK
040 _aCRL
040 _beng
040 _cCRL
041 _2eng
041 _aeng
084 _qCRL
100 _aPeter Swann; Jas Gill
_91213816
245 0 _aCorporate Vision and Rapid Technological Change
245 4 _bThe Evolution of Market Structure
260 _bTaylor and Francis
260 _c1993
365 _a
365 _b255
856 _uhttp://www.taylorfrancis.com/books/9780203020708
942 _cEBOOK
999 _c1818619
_d1818619